| 000 | 01174nam a2200337 a 4500 | ||
|---|---|---|---|
| 001 | 000114871 | ||
| 003 | CHAP | ||
| 005 | 20251127090246.0 | ||
| 008 | 180724s2016 mx a |r| |||||||spa d | ||
| 010 | _a111332 | ||
| 011 | _a112304 | ||
| 040 | _cCHAP | ||
| 090 | _aFolleto 5345 | ||
| 100 | 0 | 0 |
_aRobledo Martínez, José Domingo. _998036 |
| 245 | 1 | 0 |
_aManual para la estimación de cosecha de café en México / _cpor José Domingo Robledo Martínez y Salvador Díaz Cárdenas. |
| 260 |
_aMéxico : _bCENACAFE, _c2016. |
||
| 300 |
_a36p. : _bil., figuras y cuadros. |
||
| 490 | 1 | _aCENACAFE. Investigación y trasferencia de tecnología | |
| 590 |
_aE11695DGD _b10 _c20180726 _lUCH01 _h1421 |
||
| 590 |
_aE11695DGD _b10 _c20180727 _lUCH01 _h0934 |
||
| 590 |
_aE6339RRR _b05 _c20180724 _lUCH01 _h1108 |
||
| 590 |
_aE6339RRR _b05 _c20180724 _lUCH01 _h1451 |
||
| 650 | 1 | 4 |
_aCafé _xCosecha _vManuales. _9135269 |
| 650 | 1 | 4 |
_aCafé _xCultivo. _9135268 |
| 650 | 1 | 4 |
_aCafé _xProducción _zMéxico. _9134980 |
| 700 | 1 |
_aDíaz Cárdenas, Salvador _933418 |
|
| 830 | 0 |
_aCENACAFE. Investigación y trasferencia de tecnología _9135287 |
|
| 901 | _aBK | ||
| 942 | _cFOLL | ||
| 942 | _n0 | ||
| 999 |
_c111332 _d111332 |
||